[Event "Berlin Werner Ott op"]
[Site "Berlin"]
[Date "2022.07.10"]
[Round "2"]
[White "Matitschka, Heinz"]
[Black "Uhlenbrock, Sven"]
[Result "1/2-1/2"]
[WhiteElo "1859"]
[BlackElo "1599"]
[PlyCount "110"]
[EventDate "2022.07.09"]
[EventType "swiss"]
[EventRounds "9"]
[EventCountry "GER"]
[SourceTitle "CBM 209 Extra"]
[Source "ChessBase"]
[SourceDate "2022.09.30"]
[SourceVersion "1"]
[SourceVersionDate "2022.09.30"]
[SourceQuality "1"]

1. d4 d6 2. c4 e5 3. dxe5 dxe5 4. Qxd8+ Kxd8 5. Nf3 f6 6. Nc3 Be6 7. e3 Nd7 8. Be2 c6 9. 0-0 Nh6 10. Rd1 Kc7 11. Bd2 b6 12. Rac1 Kb7 13. Be1 Nf7 14. Ne4 Nc5 15. Nxc5+ Bxc5 16. b4 Be7 17. c5 Rhd8 18. Rxd8 Rxd8 19. a3 Rd7 20. Nd2 Rd8 21. Bf3 Bd5 22. e4 Be6 23. Be2 b5 24. Nf1 Ng5 25. f3 Bg8 26. Ne3 g6 27. Rd1 Rxd1 28. Bxd1 Be6 29. Bc3 Nf7 30. Kf2 Bf8 31. Ng4 Bg7 32. g3 h5 33. Ne3 Bh6 34. Ng2 Kc7 35. Nh4 g5 36. Nf5 Bxf5 37. exf5 h4 38. Bb3 Nd8 39. Bd2 hxg3+ 40. hxg3 Kd7 41. a4 a6 42. axb5 cxb5 43. Bd5 Nc6 44. Bc3 Bf8 45. f4 gxf4 46. gxf4 a5 47. fxe5 fxe5 48. Bxc6+ Kxc6 49. Bxe5 axb4 50. Ke3 Kxc5 51. Kd3 Kd5 52. Bb2 b3 53. Kc3 Bg7+ 54. Kxb3 Bxb2 55. Kxb2 Ke5 1/2-1/2

[Event "Berlin Lichtenberger op 18th"]
[Site "Berlin"]
[Date "2019.08.18"]
[Round "2"]
[White "Matitschka, Heinz"]
[Black "Neffe, Axel"]
[Result "0-1"]
[WhiteElo "1930"]
[BlackElo "2198"]
[PlyCount "122"]
[EventDate "2019.08.17"]
[EventType "swiss"]
[EventRounds "9"]
[EventCountry "GER"]
[SourceTitle "EXT 2020"]
[Source "ChessBase"]
[SourceDate "2019.10.17"]
[SourceVersion "1"]
[SourceVersionDate "2019.10.17"]
[SourceQuality "1"]

1. d4 Nf6 2. c4 c5 3. d5 e6 4. Nc3 exd5 5. cxd5 d6 6. e4 g6 7. Bd3 Bg7 8. h3 0-0 9. Nf3 Nh5 10. Bg5 Bf6 11. Be3 Nd7 12. 0-0 Re8 13. Qd2 a6 14. a4 Ne5 15. Be2 Nxf3+ 16. Bxf3 Ng7 17. Bf4 Rb8 18. Ra2 Qe7 19. Ne2 Be5 20. Bxe5 Qxe5 21. Qc3 f5 22. Ng3 b6 23. Rc1 a5 24. b3 Qxc3 25. Rxc3 Kf7 26. Re2 f4 27. Nf1 Ba6 28. Re1 Bxf1 29. Kxf1 Kf6 30. Bd1 Ke5 31. Bc2 Rf8 32. Ke2 Ne8 33. g3 Nc7 34. Rg1 b5 35. gxf4+ Rxf4 36. Rg5+ Kf6 37. Rg4 g5 38. e5+ Ke7 39. exd6+ Kxd6 40. Rxg5 bxa4 41. bxa4 Rb2 42. Ke3 Rh4 43. Kd2 Rd4+ 44. Kc1 Rbb4 45. Rh5 Rh4 46. Rxh4 Rxh4 47. Bb3 Nxd5 48. Bxd5 Kxd5 49. Rd3+ Kc4 50. Kd2 Rd4 51. Rxd4+ Kxd4 52. Kc2 h5 53. f4 Ke4 54. Kc3 Kxf4 55. Kc4 Kg3 56. Kxc5 Kxh3 57. Kb5 Kg4 58. Kxa5 h4 59. Kb6 h3 60. a5 h2 61. a6 h1Q 0-1

[Event "Berlin Lichtenberger op 17th"]
[Site "Berlin"]
[Date "2018.08.25"]
[Round "8"]
[White "Nohr, Jonas"]
[Black "Matitschka, Heinz"]
[Result "1-0"]
[WhiteElo "2100"]
[BlackElo "1938"]
[PlyCount "69"]
[EventDate "2018.08.18"]
[EventType "swiss"]
[EventRounds "9"]
[EventCountry "GER"]
[SourceTitle "CBM 186 Extra"]
[Source "ChessBase"]
[SourceDate "2018.08.24"]
[SourceVersion "1"]
[SourceVersionDate "2018.08.24"]
[SourceQuality "1"]

1. d4 Nf6 2. c4 e6 3. Nf3 d5 4. Nc3 c6 5. e3 Bd6 6. Bd3 Nbd7 7. 0-0 0-0 8. e4 Nxe4 9. Nxe4 dxe4 10. Bxe4 Nf6 11. Bc2 Qc7 12. Bg5 Bf4 13. Qd3 Bxg5 14. Nxg5 g6 15. Rad1 e5 16. Qg3 Nh5 17. Qxe5 Qxe5 18. dxe5 Nf4 19. Rfe1 Ne6 20. Ne4 c5 21. Nf6+ Kg7 22. Be4 Rd8 23. Rxd8 Nxd8 24. Rd1 Be6 25. b3 a5 26. h3 a4 27. Ne8+ Kf8 28. Nc7 Rb8 29. Rd6 axb3 30. axb3 Ke7 31. Rb6 Bd7 32. Nd5+ Kf8 33. Nf6 Bc6 34. Bxc6 Nxc6 35. Nd7+ 1-0

[Event "Berlin Lichtenberger op 16th"]
[Site "Berlin"]
[Date "2017.08.23"]
[Round "5"]
[White "Matitschka, Heinz"]
[Black "Moeller, Dustin"]
[Result "1/2-1/2"]
[WhiteElo "1910"]
[BlackElo "2081"]
[PlyCount "95"]
[EventDate "2017.08.19"]
[EventType "swiss"]
[EventRounds "9"]
[EventCountry "GER"]
[SourceTitle "CBM 180 Extra"]
[Source "ChessBase"]
[SourceDate "2017.10.06"]
[SourceVersion "1"]
[SourceVersionDate "2017.10.06"]
[SourceQuality "1"]

1. d4 d5 2. c4 e6 3. Nc3 c6 4. e3 f5 5. Bd3 Nf6 6. Nge2 Bd6 7. Qc2 0-0 8. f3 Na6 9. a3 dxc4 10. Bxc4 b5 11. Ba2 Nd5 12. Nxd5 cxd5 13. Nf4 Bxf4 14. exf4 Qb6 15. Be3 Bd7 16. 0-0 Rfc8 17. Qd2 b4 18. Rac1 Rxc1 19. Rxc1 Rb8 20. g4 g6 21. Kh1 bxa3 22. bxa3 Qb2 23. gxf5 Qxd2 24. Bxd2 Rb2 25. fxe6 Bxe6 26. Rc6 Rxa2 27. Rxe6 Nc7 28. Re7 Nb5 29. Bb4 Nxd4 30. Re3 Rf2 31. Bc5 Rd2 32. Bxa7 Nc2 33. Rb3 d4 34. Rb8+ Kg7 35. Rd8 d3 36. Bd4+ Kf7 37. Bc3 Rd1+ 38. Kg2 Nxa3 39. Kf2 Nc2 40. Ba5 Ke6 41. Bc3 Na3 42. Ke3 Nc4+ 43. Kd4 Nd6 44. Ke3 Nf5+ 45. Ke4 Nd6+ 46. Ke3 Ke7 47. Bf6+ Ke6 48. Bc3 1/2-1/2

[Event "Berlin Kreuzberg op"]
[Site "Berlin"]
[Date "2016.07.23"]
[Round "8"]
[White "Zschaebitz, Klaus"]
[Black "Matitschka, Heinz"]
[Result "1-0"]
[WhiteElo "2075"]
[BlackElo "1894"]
[PlyCount "133"]
[EventDate "2016.07.16"]
[EventType "swiss"]
[EventRounds "9"]
[EventCountry "GER"]
[SourceTitle "CBM 173 Extra"]
[Source "ChessBase"]
[SourceDate "2016.08.29"]
[SourceVersion "1"]
[SourceVersionDate "2016.08.29"]
[SourceQuality "1"]

1. c4 Nf6 2. g3 e6 3. Bg2 d5 4. Nf3 Be7 5. 0-0 0-0 6. b3 Nbd7 7. Bb2 Ne4 8. Qc2 Bf6 9. Nc3 Nxc3 10. Bxc3 c6 11. Rac1 Qe7 12. d4 dxc4 13. bxc4 c5 14. e3 Rb8 15. Rfd1 Rd8 16. h4 Nf8 17. Rd2 b6 18. Qa4 Qd7 19. Qa3 Qc7 20. dxc5 Rxd2 21. cxb6 Rxb6 22. Nxd2 Ra6 23. Qb2 Bxc3 24. Rxc3 Rb6 25. Qc2 e5 26. c5 Rh6 27. Qd3 Ba6 28. Qd5 Ne6 29. Qa8+ Nd8 30. Rb3 Kf8 31. Qb8 Qxb8 32. Rxb8 Ke7 33. Ra8 Nc6 34. Bxc6 Rxc6 35. Rxa7+ Ke6 36. e4 Bd3 37. Ra5 Ra6 38. Rxa6+ Bxa6 39. f3 Kd7 40. Kf2 Kc6 41. Nb3 Bc8 42. Ke3 Kb5 43. Kd3 Kb4 44. f4 f6 45. fxe5 fxe5 46. c6 Kb5 47. Nd2 Be6 48. a3 Kxc6 49. Nc4 Kb5 50. Nxe5 Ka4 51. Nf3 Kxa3 52. Kd4 Kb4 53. Ng5 Bg8 54. e5 h6 55. Ne4 Kb5 56. Nd6+ Kc6 57. Nf5 Kd7 58. Nxg7 Bh7 59. Ke3 Ke7 60. Kf4 Kf7 61. Nf5 h5 62. Nd4 Kg6 63. Ke4 Bg8 64. Ne2 Bf7 65. Nf4+ Kg7 66. e6 Be8 67. Ke5 1-0

[Event "Berlin Lichtenberger op 14th"]
[Site "Berlin"]
[Date "2015.08.21"]
[Round "7"]
[White "Matitschka, Heinz"]
[Black "Nam, Seung Zin"]
[Result "0-1"]
[WhiteElo "1910"]
[BlackElo "1608"]
[PlyCount "77"]
[EventDate "2015.08.15"]
[EventType "swiss"]
[EventRounds "9"]
[EventCountry "GER"]
[SourceTitle "EXT 2016"]
[Source "ChessBase"]
[SourceDate "2015.10.08"]
[SourceVersion "1"]
[SourceVersionDate "2015.10.08"]
[SourceQuality "1"]

1. d4 Nf6 2. c4 e6 3. Nc3 c5 4. d5 exd5 5. cxd5 Bd6 6. e4 Be5 7. Bd3 d6 8. Nge2 a6 9. a4 Bg4 10. f3 Bh5 11. Be3 0-0 12. Qd2 Nbd7 13. Ng3 Re8 14. Nf5 Bg6 15. g4 Bxf5 16. gxf5 Nh5 17. 0-0-0 Bf6 18. Rdg1 Ne5 19. Be2 c4 20. f4 Nd3+ 21. Bxd3 cxd3 22. Qxd3 Bxc3 23. bxc3 Qa5 24. Qd4 Rac8 25. Bd2 Rc5 26. Kb1 Kf8 27. Rc1 Nf6 28. Rhe1 Rec8 29. Qb4 Qc7 30. Kb2 Rc4 31. Qa3 Nxe4 32. Re2 Nc5 33. Kc2 Nxa4 34. Kd1 Nc5 35. Re3 Qd7 36. Qa2 Ne4 37. Rxe4 Rxe4 38. c4 Qxf5 39. Qa3 0-1

[Event "Berlin-ch Seniors op 31st"]
[Site "Berlin"]
[Date "2015.02.05"]
[Round "7"]
[White "Hahlbohm, Matthias"]
[Black "Matitschka, Heinz"]
[Result "1/2-1/2"]
[WhiteElo "1955"]
[BlackElo "1843"]
[PlyCount "92"]
[EventDate "2015.01.29"]
[EventType "swiss"]
[EventRounds "9"]
[EventCountry "GER"]
[SourceTitle "EXT 2018"]
[Source "ChessBase"]
[SourceDate "2017.10.13"]
[SourceVersion "1"]
[SourceVersionDate "2017.10.13"]
[SourceQuality "1"]

1. e4 e6 2. d4 d5 3. e5 c5 4. c3 Nc6 5. Nf3 Bd7 6. a3 Nge7 7. Bd3 cxd4 8. cxd4 Nf5 9. Bxf5 exf5 10. Nc3 Be6 11. 0-0 Be7 12. b4 0-0 13. Re1 Rc8 14. Qd3 g5 15. g3 Kh8 16. Bb2 Rg8 17. Kh1 Qd7 18. Nd2 f4 19. Nb3 b6 20. Rac1 Bf5 21. Qe2 Nd8 22. Nb1 Rxc1 23. Rxc1 f3 24. Qd1 g4 25. N1d2 Bd3 26. Nf1 Be2 27. Qc2 Rg6 28. Ne3 Rc6 29. Qd2 Bg5 30. Rc3 Ne6 31. Kg1 Qc8 32. Nc1 Ba6 33. a4 Bc4 34. Qd1 h5 35. h4 Bxe3 36. Rxe3 b5 37. Ra3 Be2 38. Qe1 Nxd4 39. e6 Kg8 40. exf7+ Kxf7 41. Qd2 Ne6 42. axb5 Bxb5 43. Rxa7+ Rc7 44. Rxc7+ Qxc7 45. Qxd5 Qc4 46. Qf5+ Ke7 1/2-1/2

[Event "Berlin-ch Seniors op 31st"]
[Site "Berlin"]
[Date "2015.02.03"]
[Round "5"]
[White "Yankulin, Vladislav"]
[Black "Matitschka, Heinz"]
[Result "1/2-1/2"]
[WhiteElo "1815"]
[BlackElo "1843"]
[PlyCount "57"]
[EventDate "2015.01.29"]
[EventType "swiss"]
[EventRounds "9"]
[EventCountry "GER"]
[SourceTitle "EXT 2018"]
[Source "ChessBase"]
[SourceDate "2017.10.13"]
[SourceVersion "1"]
[SourceVersionDate "2017.10.13"]
[SourceQuality "1"]

1. e4 e6 2. d4 d5 3. Bd3 dxe4 4. Bxe4 Nf6 5. Bf3 Nbd7 6. Ne2 Bd6 7. c4 c6 8. Nbc3 0-0 9. Bg5 Re8 10. Qc2 h6 11. Bh4 Qc7 12. g4 Bf4 13. Bg3 e5 14. Bxf4 exf4 15. 0-0-0 Nf8 16. Rdg1 Be6 17. g5 hxg5 18. Rxg5 Bxc4 19. Rhg1 Ne6 20. Qf5 Nxg5 21. Qxg5 Kf8 22. Qxg7+ Ke7 23. Re1 Be6 24. d5 Rg8 25. Qh6 Rh8 26. Qg5 Rag8 27. d6+ Qxd6 28. Qa5 Rh3 29. Rd1 1/2-1/2

[Event "Berlin-ch Seniors op 31st"]
[Site "Berlin"]
[Date "2015.01.31"]
[Round "3"]
[White "Vandre, Wolfgang"]
[Black "Matitschka, Heinz"]
[Result "1-0"]
[WhiteElo "1983"]
[BlackElo "1843"]
[PlyCount "109"]
[EventDate "2015.01.29"]
[EventType "swiss"]
[EventRounds "9"]
[EventCountry "GER"]
[SourceTitle "EXT 2018"]
[Source "ChessBase"]
[SourceDate "2017.10.13"]
[SourceVersion "1"]
[SourceVersionDate "2017.10.13"]
[SourceQuality "1"]

1. d4 Nf6 2. c4 e6 3. Nf3 b6 4. a3 Ba6 5. Qc2 d5 6. cxd5 exd5 7. g3 Bd6 8. Bg2 0-0 9. 0-0 Re8 10. Nc3 Nbd7 11. Rd1 Rc8 12. Bg5 h6 13. Bxf6 Nxf6 14. e3 c6 15. Qa4 Bc4 16. Nd2 Bd3 17. Qb3 Bf5 18. a4 a5 19. Nf1 Qd7 20. Rac1 Bc7 21. Ne2 Ne4 22. Nc3 Nd6 23. Ne2 Bd8 24. Nf4 Nc4 25. Qc3 Be7 26. Nd3 Bxd3 27. Rxd3 b5 28. b3 Bb4 29. Qa1 Qf5 30. Rdd1 Nd6 31. Nd2 Re6 32. Qb1 Qxb1 33. Nxb1 bxa4 34. bxa4 Ree8 35. Nd2 f5 36. Rxc6 Ne4 37. Rxc8 Rxc8 38. Nxe4 fxe4 39. Bh3 Rc6 40. Bd7 Rd6 41. Bb5 Kf7 42. Rc1 Kf6 43. Kg2 Bd2 44. Rc2 Bb4 45. Rc8 Ke7 46. Re8+ Kf6 47. h4 Re6 48. Rd8 Rd6 49. Rf8+ Ke7 50. Re8+ Kf6 51. Re5 Ba3 52. Be2 Bb2 53. Bd1 Bc3 54. Bb3 Rb6 55. Bxd5 1-0

[Event "Berlin Werner Ott op"]
[Site "Berlin"]
[Date "2014.07.05"]
[Round "1"]
[White "Matitschka, Heinz"]
[Black "Kalinitschew, Sergey"]
[Result "0-1"]
[WhiteElo "1886"]
[BlackElo "2426"]
[PlyCount "100"]
[EventDate "2014.07.05"]
[EventType "swiss"]
[EventRounds "9"]
[EventCountry "GER"]
[SourceTitle "CBM 161 Extra"]
[Source "ChessBase"]
[SourceDate "2014.08.29"]
[SourceVersion "1"]
[SourceVersionDate "2014.08.29"]
[SourceQuality "1"]

1. d4 f5 2. c4 Nf6 3. Nc3 e6 4. Nf3 Bb4 5. Bd2 b6 6. e3 Bb7 7. Be2 0-0 8. 0-0 Bxc3 9. Bxc3 Ne4 10. Be1 d6 11. Nd2 Qg5 12. Nxe4 fxe4 13. f4 exf3 14. Bxf3 Qxe3+ 15. Bf2 Bxf3 16. Bxe3 Bxd1 17. Raxd1 Nd7 18. c5 Nf6 19. cxd6 Nd5 20. Bg5 cxd6 21. Rde1 Rxf1+ 22. Kxf1 Kf7 23. Rc1 h6 24. Bh4 Ke8 25. Ke2 Nf4+ 26. Kf3 Ng6 27. Bg3 Kd7 28. Ke4 Rf8 29. Rc3 Ne7 30. Ra3 Nc6 31. Rc3 Rf5 32. Rf3 Rxf3 33. gxf3 d5+ 34. Ke3 b5 35. a3 Ke7 36. Bc7 Kf6 37. Bd6 Kf5 38. Bf8 Kf6 39. Bd6 g5 40. Bf8 h5 41. Bd6 Kf5 42. b4 a6 43. Bc7 e5 44. dxe5 Nxe5 45. Kd4 Nxf3+ 46. Kxd5 g4 47. Kc6 h4 48. Bd8 g3 49. hxg3 h3 50. g4+ Ke6 0-1